Alle Eis-Pokemon - Statistiken

Allgemein
  • Dieses Quiz wurde 488 mal gespielt
    298 seit der letzten Aktualisierung
  • Das Durchschnittsergebnis liegt bei 34 aus 48
Antwortstatistiken
Pokedex-Nummer Pokemon 2. Typ % Korrekt
144 Arktos Flug
95%
087 Jugong Wasser
92%
124 Rossana Psycho
92%
221 Keifel Boden
91%
131 Lapras Wasser
91%
215 Sniebel Unlicht
90%
473 Mamutel Boden
89%
220 Quiekel Boden
89%
461 Snibunna Unlicht
89%
091 Austos Wasser
88%
478 Frosdedje Geist
88%
362 Firnontor
87%
460 Rexblisar Pflanze
87%
361 Schneppke
85%
459 Shnebedeck Pflanze
85%
646 Kyurem Drache
81%
365 Walraisa Wasser
80%
238 Kussilla Psycho
78%
363 Seemops Wasser
78%
471 Glaziola
77%
225 Botogel Flug
75%
364 Seejong Wasser
75%
613 Petznief
73%
582 Gelatini
72%
378 Regice
72%
614 Siberio
72%
615 Frigometri
70%
583 Gelatroppo
70%
584 Gelatwino
70%
712 Arktip
68%
713 Arktilas
67%
872 Snomnom Käfer
66%
873 Mottineva Käfer
65%
740 Krawell Kampf
59%
699 Amagarga Gestein
58%
698 Amarino Gestein
58%
866 Pantifrost Psycho
57%
997 Cryospino Drache
50%
998 Espinodon Drache
50%
881 Lecryodon Elektro
50%
883 Pescryodon Wasser
49%
996 Frospino Drache
48%
875 Kubuin
47%
896 Polaross
44%
975 Kolowal
42%
991 Eisenbündel Wasser
41%
974 Flaniwal
41%
1002 Baojian Unlicht
37%
Keine übereinstimmenden Quizze gefunden
Verteilung der Resultate
Anzahl Personen mit jedem Resultat
Perzentil nach korrekt beantworteten Fragen
Ihre Resultats-Entwicklung
Sie haben dieses Quiz seit der letzten Aktualisierung nicht gespielt